Návrh demonštrančného procesora lineárného kódovania

Salvato in:
Dettagli Bibliografici
Autore principale: Podmajerský, Zlatko (Autore)
Altri autori: Makáň, Florián, 1937- (Relatore della tesi)
Natura: Manoscritto Libro
Lingua:slovacco
Pubblicazione: Bratislava : STU v Bratislave FEI, 2000
Soggetti:
Tags: Aggiungi Tag
Nessun Tag, puoi essere il primo ad aggiungerne!!

MARC

LEADER 00000ntm a22000003a 4500
001 stu56297
005 20160719164830.7
008 010131s2000------------------------slo-d
040 |a STU  |b slo 
041 0 |a slo 
100 1 |a Podmajerský, Zlatko  |4 aut 
245 1 |a Návrh demonštrančného procesora lineárného kódovania 
260 |a Bratislava :  |b STU v Bratislave FEI,  |c 2000 
300 |a 61 s 
650 7 |a elektronika  |2 stusub 
700 1 |a Makáň, Florián,  |d 1937-  |4 ths  |u E230  |U FEI Fakulta elektrotechniky a informatiky  |T FEI Katedra rádioelektroniky  |X 3733  |U E230  |Y 71  |7 A000003733